00351nam a2200133Ia 4500008004100000020001600041041001200057082001600069100001400085245006100099260003300160300000800193650001600201221030s9999 xx 000 0 und d a81856232228 aEnglish a105.23bLof aR. Lafore 0aObject - Oriented Programming in Turbo C++cby R. Lafore bGalgotia PubaNew Delhic739 a739 aBE Computer